000 00367nam a2200145Ia 4500
003 LK-CoDNM
008 010623t xxu||||| |||| 00| 1 eng d
040 _aLK-CoDNM
_dLK-CoDNM
_eLK-CoDNM
041 _aeng
080 _a069.7
_bWHA
245 _aWhat is an Art Museum?
260 _bEverson Museum of Art Syracuse
_aNew York
300 _b31p,ill., 21 cm
942 _cBK
999 _c136847
_d136847